За нами Москва

Bibliografiske detaljer
Hovedforfatter: Кошкин И. Иван
Summary:Уже к августу 1941 года СССР проиграл войну. После разгрома Красной Армии в приграничном сражении Советская Россия была обречена. Россия должна была рухнуть — словно «колосс на глиняных ногах». Но Россия — устояла. Россия выжила. Потому что, как говорил Фридрих Великий: «Русского солдата мало убить — его надо еще повалить». Эта страшная, горькая и светлая книга - о тех, кто осенью 41-го стоял насмерть. Кто продолжал сражаться без единого шанса остаться в живых. Кто, даже умирая, так и не признал себя побежденным... Этот роман — о русских солдатах, живых и мертвых. О тех, кто даже той гиблой осенью не сломался в мясорубке отчаянных боев, не сдался в кровавом аду окружений. О тех, кто победил в безнадежно проигранной войне.
Sprog:russisk
Udgivet: Москва, Эксмо, 2007
Serier:Мы были солдатами
Fag:
Format: MixedMaterials Bog
KOHA link:https://koha.lib.tpu.ru/cgi-bin/koha/opac-detail.pl?biblionumber=124715

MARC

LEADER 00000nam0a2200000 4500
001 124715
005 20231031131112.0
010 |a 5699196048 
035 |a (RuTPU)RU\TPU\book\134968 
090 |a 124715 
100 |a 20071107d2007 m y0rusy50 ca 
101 0 |a rus 
102 |a RU 
105 |a y z 000ay 
200 1 |a  За нами Москва  |f И. Кошкин 
210 |a Москва  |c Эксмо  |d 2007 
215 |a 320 с. 
225 1 |a Мы были солдатами 
330 |a Уже к августу 1941 года СССР проиграл войну. После разгрома Красной Армии в приграничном сражении Советская Россия была обречена. Россия должна была рухнуть — словно «колосс на глиняных ногах». Но Россия — устояла. Россия выжила. Потому что, как говорил Фридрих Великий: «Русского солдата мало убить — его надо еще повалить». Эта страшная, горькая и светлая книга - о тех, кто осенью 41-го стоял насмерть. Кто продолжал сражаться без единого шанса остаться в живых. Кто, даже умирая, так и не признал себя побежденным... Этот роман — о русских солдатах, живых и мертвых. О тех, кто даже той гиблой осенью не сломался в мясорубке отчаянных боев, не сдался в кровавом аду окружений. О тех, кто победил в безнадежно проигранной войне. 
610 1 |a русская литература 
610 1 |a повести 
610 1 |a история 
610 1 |a Россия 
610 1 |a Великая Отечественная война 1941-1945 
675 |a Р2  |v 3 
700 1 |a Кошкин  |b И.  |g Иван 
801 1 |a RU  |b 63413507  |c 20071107  |g PSBO 
801 2 |a RU  |b 63413507  |c 20080221  |g PSBO 
942 |c BK 
959 |a 78/20071106  |d 1  |e 123,53  |f ХФ:1